00418nam a2200157Ia 4500003000900000008004100009040001600050080001600066100002300082245004300105260003800148300001400186650001800200650002300218700001900241IN-BaIIA211028s9999 xx 000 0 eng d cIIA Library a535.33bMAV aMavrodineanu, Radu 0aFlame spectroscopyc Radu Mavrodineanu aNew YorkbJohn Wiley & Sonsc1965 axiv,721p. aFlame spectra aFlame Spectroscopy aBoiteux, Henri